Руководство по основам стеклодувного дела

Dades bibliogràfiques
Autor principal: Голь М. М. Мирон Моисеевич
Sumari:Руководство содержит основные, сжатые сведения о стекле и его свойствах. В книге приведены краткие данные о физико-химических свойствах и технологии стекла.Главное внимание уделяется указаниям и рекомендациям по самостоятельному вы­полнению всех операций, встречающихся в практике стеклодувных работ. По многим изделиям дается схема технологического процесса.Книга рассчитана на широкий круг ра­ботников химических, физических и других лабораторий, на научных сотрудников, аспи­рантов, студентов высших учебных заведе­ний и техникумов, на учащихся старших клас­сов средней школы, а также на учащихся ремесленных училищ, желающих самосто­ятельно овладеть основами стеклодувного дела.
Idioma:rus
Publicat: Ленинград, Химия, 1967
Matèries:
Format: MixedMaterials Llibre
KOHA link:https://koha.lib.tpu.ru/cgi-bin/koha/opac-detail.pl?biblionumber=91824

MARC

LEADER 00000nam0a2200000 4500
001 91824
005 20231101213808.0
035 |a (RuTPU)RU\TPU\book\98414 
090 |a 91824 
100 |a 20060302d1967 m y0rusy50 ca 
101 0 |a rus 
102 |a RU 
105 |a a z 001zy 
200 1 |a Руководство по основам стеклодувного дела  |f М. М. Голь 
210 |a Ленинград  |c Химия  |d 1967 
215 |a 119 с.  |c ил. 
330 |a Руководство содержит основные, сжатые сведения о стекле и его свойствах. В книге приведены краткие данные о физико-химических свойствах и технологии стекла.Главное внимание уделяется указаниям и рекомендациям по самостоятельному вы­полнению всех операций, встречающихся в практике стеклодувных работ. По многим изделиям дается схема технологического процесса.Книга рассчитана на широкий круг ра­ботников химических, физических и других лабораторий, на научных сотрудников, аспи­рантов, студентов высших учебных заведе­ний и техникумов, на учащихся старших клас­сов средней школы, а также на учащихся ремесленных училищ, желающих самосто­ятельно овладеть основами стеклодувного дела. 
606 1 |a Стекольная промышленность  |2 stltpush  |3 (RuTPU)RU\TPU\subj\34500  |9 56432 
610 1 |a стеклодувные работы 
610 1 |a стеклоизделия 
610 1 |a стекло 
610 1 |a стекловарение 
610 1 |a техника безопасности 
610 1 |a руководства 
610 1 |a стеклодувное производство 
610 1 |a библиотека А. Г. Стромберга 
675 |a 666.1  |v 3 
700 1 |a Голь  |b М. М.  |g Мирон Моисеевич 
801 1 |a RU  |b 63413507  |c 20060302  |g PSBO 
801 2 |a RU  |b 63413507  |c 20220721  |g PSBO 
942 |c BK